000 00453nab a2200145Ia 4500
003 ES-SlBCS
005 20210601125229.0
008 140529s1971 xxu||||| |||| 00| 0 eng d
041 _aeng
100 1 _aVate, Dwight Van de
_9155689
245 0 4 _aThe Problem of Robot Consciousness
_c Dwight van de Vate
650 0 4 _aRobot-Conciencia
_9155690
773 0 _tPhilosophy and Phenomenological Research
_gvol. 32, 1971, págs. 149-165
_wRev1411
942 _cAR
999 _c526882
_d526882